GOT milk?-mapping the dairy supply chain in developed markets October 2010.
| Format: | Book |
|---|---|
| Published: |
London:
Euromonitor,
2010.
|
| Subjects: |
| LEADER | 00504cam a2200145 7i4500 | ||
|---|---|---|---|
| 001 | 0000026000 | ||
| 005 | 20110317090000.0 | ||
| 090 | 0 | 0 | |a P 641.371 |b GOT |
| 245 | 0 | 0 | |a GOT milk?-mapping the dairy supply chain in developed markets October 2010. |
| 260 | 0 | 0 | |a London: |b Euromonitor, |c 2010. |
| 300 | # | # | |a 66p. |
| 650 | 0 | 0 | |a Milk -- |x Distribution Channels |
| 650 | 0 | 0 | |a Beverages -- |x Distribution Channels |
| 650 | 0 | 0 | |a Dairy products -- |x Distribution Channels |
| 999 | |a B000028288 |b Book |c Products |e Business Information Centre | ||